शुक्रतारा (Record no. 314441)

MARC details
000 -LEADER
fixed length control field 00766nam a22002177a 4500
005 - DATE & TIME
control field 20240605163543.0
008 - FIXED-LENGTH DATA ELEMENTS--GENERAL INFORMATION
fixed length control field 240424b |||||||| |||| 00| 0 eng d
020 ## - ISBN
International Standard Book Number 9788119014446
Price रु 250.00
040 ## - CATALOGING SOURCE
Original cataloging agency VIVEKANANDA LIBRARY
082 ## - DDC NUMBER
Classification number 891.431721
Book Number VM459S
100 ## - MAIN ENTRY--PERSONAL NAME
Relator code वात्स्यायन, मदन
110 ## - MAIN ENTRY--CORPORATE NAME
Corporate name रेखा, रश्मि, सम्पा
245 ## - TITLE STATEMENT
Title शुक्रतारा
260 ## - PUBLICATION, DISTRIBUTION, ETC. (IMPRINT)
Place of publication, distribution, etc नई दिल्ली
Name of publisher, distributor, etc वाणी प्रकाशन ग्रुप
300 ## - PHYSICAL DESCRIPTION
Pages 203 पृ
440 ## - Series Statement
Series Title लोकदय ग्रन्थमाला : ग्रन्थाक 808
650 ## - Subject
Subject हिन्दी साहित्य
651 ## - SUBJECT ADDED ENTRY--GEOGRAPHIC NAME
Geographic name कविता संग्रह
942 ## - ADDED ENTRY ELEMENTS (KOHA)
Koha item type Hindi Books
Holdings
Withdrawn status Lost status Source of classification or shelving scheme Damaged status Not for loan Location (home branch) Sublocation or collection (holding branch) Date acquired Koha issues (times borrowed) Koha full call number Accession No. Koha date last seen Koha item type
    Dewey Decimal Classification     VIVEKANANDA LIBRARY VIVEKANANDA LIBRARY 24/04/2024   891.431721 VM459S 408540 24/04/2024 Hindi Books
© Designed and Maintained by Vivekananda Library, MDU Rohtak